[Event "Ufa Republican Sports op-A"]
[Site "Ufa"]
[Date "2016.05.23"]
[Round "3"]
[White "Kurochkin, Konstantin"]
[Black "Salikhov, Linar"]
[Result "1/2-1/2"]
[WhiteElo "1494"]
[BlackElo "1445"]
[PlyCount "83"]
[EventDate "2016.05.23"]
[EventType "tourn"]
[EventRounds "9"]
[EventCountry "RUS"]
[SourceTitle "EXT 2022"]
[Source "ChessBase"]
[SourceDate "2021.10.06"]
[SourceVersion "1"]
[SourceVersionDate "2021.10.06"]
[SourceQuality "1"]

1. e4 e5 2. Nf3 Nc6 3. d4 exd4 4. Nxd4 Nf6 5. Nc3 Bb4 6. Nxc6 bxc6 7. Bd3 d5 8. exd5 cxd5 9. 0-0 0-0 10. Bg5 c6 11. Qf3 h6 12. Bxf6 Qxf6 13. Qxf6 gxf6 14. Ne2 Re8 15. Ng3 Kf8 16. c3 Bc5 17. Rfe1 Bd7 18. Kf1 Rxe1+ 19. Rxe1 Re8 20. Rxe8+ Kxe8 21. Ke2 Ke7 22. Nf5+ Bxf5 23. Bxf5 Kd6 24. f3 Ke5 25. Bd7 Bg1 26. h3 c5 27. g3 Kd6 28. Be8 Ke7 29. Bc6 Kd6 30. Be8 Ke7 31. Bb5 f5 32. b3 Ke6 33. a3 a5 34. b4 axb4 35. axb4 cxb4 36. cxb4 Bd4 37. Kd3 Bf2 38. g4 fxg4 39. hxg4 Be1 40. Kd4 Bxb4 41. Bc6 f6 42. Bxd5+ 1/2-1/2